Discurso, poder y verdad: de la filosofía occidental a la filosofía latinoamericana /
El artículo aborda la reflexión sobre el origen del discurso del dominio que plantea Federico Nietzsche y la visión del lenguaje como campo de batalla ideológico que introduce Bajtin, para establecer una relación con la discusión filosófica sostenida por los filósofos latinoamericanos y estadouniden...
Guardat en:
| Autor principal: | |
|---|---|
| Format: | Text |
| Matèries: | |
| Etiquetes: |
Afegir etiqueta
Sense etiquetes, Sigues el primer a etiquetar aquest registre!
|
MARC
| LEADER | 00000 a a2200000 04500 | ||
|---|---|---|---|
| 001 | 41085 | ||
| 003 | |||
| 040 | |||
| 100 | |a Campos Salas, Jeannette | ||
| 245 | |a Discurso, poder y verdad: |b de la filosofía occidental a la filosofía latinoamericana / |c Jeannette Campos Salas | ||
| 500 | |a jeancampos2001@yahoo.com | ||
| 520 | |a El artículo aborda la reflexión sobre el origen del discurso del dominio que plantea Federico Nietzsche y la visión del lenguaje como campo de batalla ideológico que introduce Bajtin, para establecer una relación con la discusión filosófica sostenida por los filósofos latinoamericanos y estadounidenses en el XI Congreso Interamericano de Filosofía, documentado por el filósofo mexicano Leopoldo Zea. | ||
| 590 | |a RRA/JUNIO2011 | ||
| 650 | |a DISCURSOS | ||
| 650 | |a FILOSOFIA | ||
| 650 | |a RELACIONES DE PODER | ||
| 650 | |a MODERNIDAD | ||
| 773 | |g volumen88, número2 (2009), páginas 113-123 | ||
| 999 | |c 20389 |d 20389 | ||
